000 00580nam a2200193Ia 4500
008 191130s1994##################000#0#eng##
020 _a9780195104684
040 _aACL
_cACL
082 _a342.7308509 TUS
100 _aTushnet, Mark V
245 _aMaking civil rights law : Thurgood Marshall and the Supreme Court, 1936-1961
_cMark V. Tushnet
260 _aOxford
_bOxford University Press
_cC1994
300 _axii, 399 p
500 _aIncludes index
650 _aCivil rights law
990 _a2f33b12bac10000c4544ad671dfbad8c
991 _a283800
999 _c274097
_d274097